The noble scholar, jurist, historian


 His Excellency Dr. Abdul Wahhab bin Ibrahim Abu Sulaiman, may Allah have mercy on him.


 He was born in Umm Al-Qura in the year 1356 AH.

تاريخ خلاصة الأثر في أعيان القرن الحادي عشر / (Record no. 13766)

MARC details
000 -LEADER
fixed length control field 01538cam a2200277 ia4500
003 - CONTROL NUMBER IDENTIFIER
control field SA-RiAUC
005 - DATE AND TIME OF LATEST TRANSACTION
control field 20251229064335.0
008 - FIXED-LENGTH DATA ELEMENTS--GENERAL INFORMATION
fixed length control field 251228q19001999xx g 000 0cara c
024 0# - OTHER STANDARD IDENTIFIER
Standard number or code 30163000001887
040 ## - CATALOGING SOURCE
Original cataloging agency SA-JeALM
Language of cataloging ara
Transcribing agency SA-RiMOC
Description conventions rda
050 #4 - LIBRARY OF CONGRESS CALL NUMBER
Item number .M84 1900z
082 04 - DEWEY DECIMAL CLASSIFICATION NUMBER
Classification number 920
Assigning agency SA-RiAUC
090 ## - LOCALLY ASSIGNED LC-TYPE CALL NUMBER (OCLC); LOCAL CALL NUMBER (RLIN)
Classification number (OCLC) (R) ; Classification number, CALL (RLIN) (NR) ن 920
Local cutter number (OCLC) ; Book number/undivided call number, CALL (RLIN) م ح ب
100 1# - MAIN ENTRY--PERSONAL NAME
Personal name المحبي، محمد أمين بن فضل الله بن محب الله،
Dates associated with a name 1061-1111 هجري
Relator term مؤلف.
245 10 - TITLE STATEMENT
Title تاريخ خلاصة الأثر في أعيان القرن الحادي عشر /
Statement of responsibility, etc. للعالم الفاضل والهمام الكامل أديب عصره وفريد دهره المولى محمد المحبي.
246 30 - VARYING FORM OF TITLE
Title proper/short title خلاصة الأثر في أعيان القرن الحادي عشر
264 #1 - PRODUCTION, PUBLICATION, DISTRIBUTION, MANUFACTURE, AND COPYRIGHT NOTICE
Place of production, publication, distribution, manufacture القاهرة - مصر :
Name of producer, publisher, distributor, manufacturer المطبعة الوهبية ،
Date of production, publication, distribution, manufacture, or copyright notice [بين 1867 و1868]
300 ## - PHYSICAL DESCRIPTION
Extent 4 مجلد (501 ؛ 475 ؛ 495 ؛ 511 صفحة) ؛
Dimensions 24 سم.
336 ## - CONTENT TYPE
Content type term نص
Content type code txt
Source rdacontent
Materials specified كتاب
337 ## - MEDIA TYPE
Media type term بدون وسيط
Media type code n
Source rdamedia
338 ## - CARRIER TYPE
Carrier type term مجلد
Carrier type code nc
Source rdacarrier
500 ## - GENERAL NOTE
General note ملاحظات من الشيخ رحمه الله في بداية الكتاب . يوجد تملك مع ختم من حسن احمد حلابه في 26 ذي الحجة 1310 هـ + تملك من محمد سعيدالعامودي عام 1361 هـ من عبدالعزيز التركي .
651 #7 - SUBJECT ADDED ENTRY--GEOGRAPHIC NAME
Geographic name البلاد الإسلامية
Chronological subdivision قرن 11
Form subdivision تراجم
Source of heading or term aucsh
942 ## - ADDED ENTRY ELEMENTS (KOHA)
Source of classification or shelving scheme Dewey Decimal Classification
Koha item type كتاب نادر
Suppress in OPAC No
949 ## - LOCAL PROCESSING INFORMATION (OCLC)
a SA-JeALM
d 251228
u osman123
n 1
Holdings
Withdrawn status Lost status Source of classification or shelving scheme Materials specified (bound volume or other part) Damaged status Not for loan Collection Home library Current library Date acquired Total checkouts Full call number Barcode Date last seen Price effective from Koha item type
    Dewey Decimal Classification الجزء الاول     ملاحظات DR AbdElwahab Library DR AbdElwahab Library 12/29/2025   ن 920 م ح ب 000022067 12/29/2025 12/29/2025 كتاب نادر
    Dewey Decimal Classification الجزء الثالث     ملاحظات DR AbdElwahab Library DR AbdElwahab Library 12/29/2025   ن 920 م ح ب 000022068 12/29/2025 12/29/2025 كتاب نادر
    Dewey Decimal Classification الجزء الرابع     ملاحظات DR AbdElwahab Library DR AbdElwahab Library 12/29/2025   ن 920 م ح ب 000022069 12/29/2025 12/29/2025 كتاب نادر